| 000 | 02444nam a2200409 a 4500 | ||
|---|---|---|---|
| 001 | 00003883 | ||
| 003 | DO-SdBNP | ||
| 005 | 20180313124649.0 | ||
| 007 | 00003883 | ||
| 008 | 091123s 2001 dr 000 0 spa d | ||
| 020 | _a8482613537 | ||
| 020 | _a8482613618(cuaderno) | ||
| 040 |
_aBPMSU _bspa _cBPMSU |
||
| 082 | 0 | 4 |
_a373.6561 _bG216L 4to. 2001 |
| 100 | 1 | _aGarcía Cartagena, Manuel | |
| 245 | 1 | 0 |
_aLengua y literatura 4 : _beducación media / _cManuel García Cartagena ; dirección editorial Obdulia García de Escobar ; ilustración Ruddy Núñez. |
| 260 |
_aSanto Domingo : _bSantillana, _c2001. |
||
| 300 |
_axxxii, 279 p. : _bil., mapas., retrs. ; _c28 cm. |
||
| 490 | 1 | _aUmbral | |
| 500 | _aCuarto de bachillerato. 2do. curso / Segundo ciclo | ||
| 500 | _aLa biblioteca posee Libro texto y el cuaderno | ||
| 505 | 1 |
_tProcedimientos y prácticas de producción textual -- _t Análisis y estudio de la comunicación -- _tEstudio de la lengua -- _t Literatura dominicana (siglo XX) conectada con literatura hispanomericana (siglo XX) |
|
| 505 | 1 |
_tMecánica de la argumentacion -- _tMecánica de la interacionalización cumunicativa -- _tArgumentos para la democracia -- _tLa lluvía y la vida -- _tImágenes de la dominicanidad -- _tInvestigación lexicológica: primera parte -- _tMecánica de la publicidad -- _tMecánia de los textos pariodísticos -- _tCuando hay que hablar para convencer... -- _tReportajes todo el tiempo -- _tUn país que trabaja _tMecánicas de los textos administrativos -- _tMecánica de los textos literarios -- _tTiene derecho a ser diferente -- _tConoce tu pueblo y te conocerás -- _tPor los caminos del campo -- _tProyecto 2 Investigación lexicológica: segunda parte -- _tMecánica del resumen textual -- _tMecánica del proceso textual -- _tEntre ciencia y conciencia -- _tEl dilema de ser y parecer... -- _tEn armonía natural -- |
|
| 650 | 4 |
_aESPAÑOL _xENSEÑANZA SECUNDARIA |
|
| 650 | 4 |
_aESPAÑOL _xLIBROS DE TEXTOS |
|
| 650 | 4 |
_aESPAÑOL _xESTUDIOS Y EJERCICIOS |
|
| 650 | 4 |
_aESPAÑOL _xEDUCACIÓN SECUNDARIA |
|
| 650 | 4 |
_aEDUCACIÓN SECUNDARIA _zREPÚBLICA DOMINICANA |
|
| 700 | 1 | 2 |
_aGarcía de Escobar, Obdulia, _eed. |
| 700 | 1 | 2 |
_aNúñez, Ruddy, _eil. |
| 830 | 0 | _aUmbral | |
| 910 | _aValidado. Control de calidad MFF | ||
| 942 |
_2ddc _cBK |
||
| 945 | _aInventariado, 2018 /LP | ||
| 956 |
_aVMATEO _b10 _c20150730 _lBPMSU _h00151 |
||
| 956 |
_aLOPEREZ _b10 _c20160425 _lBPMSU _h00041 |
||
| 999 |
_c9905 _d9905 |
||